000 00939nas a2200301 4500
001 BR2010005589
003 BR-BrBNA
005 20231205114820.0
007 ta
008 230509b bl.|||p| |||| 00| 00por d
040 _aBR-BrBNA
_bpor
_cBiblioteca Nacional de Agricultura
041 _a(Pt)
072 _aL40; Q02
100 1 _aPinheiro, R.S.B.
100 1 _aJorge, A.M.
100 1 _aSouza, H.B.A.
100 1 _aBoiago, M.M.
245 1 _aColoração da gordura e qualidade da carne de ovelhas de descarte abatidas em distintos estágios fisiológicos
650 _aOVELHA
650 _aCARNE
650 _aQUALIDADE
650 _aPROCESSAMENTO
650 _aMORFOLOGIA ANIMAL
650 _aMÚSCULO
773 0 _tArquivo Brasileiro de Medicina Veterinária e Zootecnia (Brazil)
_xISSN 0102-0935
_g(Apr 2010), v. 62(2) p. 468-474
_wBR2010005589
909 _a202311
_bLúcia
_c55
_dLúcia Elande
942 _2AGRIS
_n0
_cANA
999 _c210635
_d210635